Biggest Cities of the Near East in the Late Bronze Age with a Map - Statistics

General Stats
  • This quiz has been taken 501 times
  • The average score is 10 of 30
Answers on the Map
Answers color-coded by a green-red scale on the quiz's map according to % correct below.
 
Answer Stats
Population City % Correct
15k Athens
93%
70k Thebes
87%
75k Babylon
85%
40k Memphis
76%
35k Nineveh
65%
20k Heliopolis
61%
17k Gaza City
58%
30k Knossos
54%
30k Uruk
54%
30k Mycenae
48%
60k Hattusa
39%
30k Susa
37%
20k Assur
35%
14k Ugarit
35%
24k Argos
33%
27k Ashkelon
28%
70k Pi-Ramesses
21%
13k Ashdod
17%
20k Nippur
11%
13k Bubastis
6%
40k Isin
6%
20k Gath
5%
20k Hermopolis
5%
25k Sais
5%
22k Hazor
4%
20k Heracleopolis Magna
4%
30k Kition
4%
40k Dur-Kurigalzu
3%
60k Sapinuwa
2%
14k Shimron
1%
No matching quizzes found
Score Distribution
Percent of People with Each Score
Percentile by Number Answered
Your Score History
You have not taken this quiz